01657nam a2200241Ia 4500001000600000003000900006008004100015040001300056040001300069041001300082100001600095100002900111245006700140245006700207250001100274260001200285260001400297260004900311300005700360500094100417650002601358650003101384H9038IT-RoPAU130308s9999 xx 000 0 und d aIT-RoPAU cIT-RoPAU aITALIANO aRizzi Marco gCodice Aut. SPICS: 59598 aCesare e Dio. Potere spirituale e potere secolare in occidente bCesare e Dio. Potere Spirituale e Potere secolare in Occidente a1a ed. aBOLOGNA bIl Mulino c2009 [1° Ed.:2009 - Ed.Ling.Originale:2009] a"222 p. (prefazione: no ; testo: 222 [pagine: 0-0])" a"I Paolo, Matteo e Secolo Breve: tra Rivoluzione e Repubblica di Weimar; Cancellare Paolo?; Gesu' e Paolo di Fronte al Potere; Ireneo e Diavolo. Ii tra Oriente e Occidente, Origene e Ambrogio: Origene, Autorità e libero Arbirtrio; in Oriente, immagine e Potere; in Occidente, Ambrogio e suo Doppio. III lungo Medioevo di Agostino: Agostino, Uno Sguardo Decentrato; Ambiguità di Agostino; Equivoco di Gelasio; Principe Allo Specchio; Due Spade in Piu'. Iv Consumazione della Teologia Politica Medievale: nuove Esegesi, Vecchi Conflitti; Aristotelismo e pensiero Ierocratico; Marsilio e Svolta del Medioevo; Guglielmo di Ockham, Logica ed Esegesi; Wyclif, Potere Regale e Governo Ecclesiastico. V riforma dell'Esegesi e Nascita della Sovranità Politica: impossibile utopia di Erasmo; Lutero e Teologia Politica della Riforma; Melantone e Nascita della Teologia Politica Secolare; Calvino e Politica della Modernità. Conclusioni." aSAGGI DI ANTROPOLOGIA eCodice materia Spics: 3507